01374nam a2200325Ia 450000500170000000800410001702000150005804100080007308200190008110000380010024500460013825000230018426400280020730000260023533600270026133700330028833800280032150000500034965000480039965000300044765000310047765000390050865100410054794200120058804000350060099900130063595201350064895201320078395201330091520220316235259.0121119s2012 ck gr 000 0 spa  a95861473040 aspa04a079.861bC17co1 aCastro Caycedo, Germán, d1940-10aColombia amargacGermán Castro Caycedo  aDécima edición 1aBogotábPlanetac2012 a362 páginasc18 cm. atextobtxt2rdacontent asin mediaciónbn2rdamedia avolumenbnc2rdacarrier aA la cabeza del título: crítica de libros14aCrónicas periodísticas zColombia2LEMB14aViolenciazColombia2LEMB14aReportajeszColombia2LEMB14aProblemas socialeszColombia2LEMB14aColombiaxCondiciones sociales93645 2ddccBK aCO-BoRNBPbspaerdacCO-BoRNBP c475d475 00102ddc40708GENaMEGUAMALbMEGUAMALcGENd2023-03-07l0o079.861 C17copGUA001988r2023-03-07 00:00:00tEj.1w2023-03-07yBK 00102ddc40708GENaMECASTILbMECASTILcGENd2023-04-12l0o079.861 C17copEC00075r2023-04-12 00:00:00tEj.1w2023-04-12yBK 00102ddc40708GENaMECUBARRbMECUBARRcGENd2023-08-03l0o079.861 C17copCUB02050r2023-08-03 15:02:21tEj.1w2023-08-03yBK